Introduction to nonlinear differential equations (Record no. 3201)

MARC details
000 -LEADER
fixed length control field 00524nam a2200181Ia 4500
003 - CONTROL NUMBER IDENTIFIER
control field IN-BaIIA
008 - FIXED-LENGTH DATA ELEMENTS--GENERAL INFORMATION
fixed length control field 211028s9999 xx 000 0 eng d
040 ## - CATALOGING SOURCE
Transcribing agency IIA Library
080 ## - UNIVERSAL DECIMAL CLASSIFICATION NUMBER
Universal Decimal Classification number 517.91
Item number DAV
100 ## - MAIN ENTRY--PERSONAL NAME
Personal name Davis, Harold T.
9 (RLIN) 5688
245 #0 - TITLE STATEMENT
Title Introduction to nonlinear differential equations
Statement of responsibility, etc. Harold T. Davis
260 ## - PUBLICATION, DISTRIBUTION, ETC.
Place of publication, distribution, etc. New York
Name of publisher, distributor, etc. Dover Publications
Date of publication, distribution, etc. 1962
300 ## - PHYSICAL DESCRIPTION
Extent xi, 566p.
650 ## - SUBJECT ADDED ENTRY--TOPICAL TERM
Topical term or geographic name entry element Differential Equations
9 (RLIN) 1510
650 ## - SUBJECT ADDED ENTRY--TOPICAL TERM
Topical term or geographic name entry element NASA Thesaurus
650 ## - SUBJECT ADDED ENTRY--TOPICAL TERM
Topical term or geographic name entry element Nonlinear Equations
9 (RLIN) 1654
942 ## - ADDED ENTRY ELEMENTS (KOHA)
Koha item type Books
Holdings
Withdrawn status Lost status Damaged status Not for loan Home library Current library Shelving location Date acquired Cost, normal purchase price Total Checkouts Full call number Barcode Date last seen Cost, replacement price Price effective from Koha item type Purchase Price
        IIA Library-Bangalore IIA Library-Kavalur General Stacks 03/03/1969 14.40   517.91/DAV 3555 05/11/2021 14.40 03/03/1969 Books Rs. 14.40

Powered by Koha